000 01081cab a22002055a 4500
001 L141984
008 080117s2007 xxkad f 000 0 eng d
035 _a(Sirsi) u141984
041 0 _aeng
100 1 _aTait, J. N.
245 0 4 _aThe ICE arbitration procedure 2006
260 _c2007
490 0 _aProceedings of the Institution of Civil Engineers
_bManagement, Procurement and Law
_v160(MP3) August 2007, 117-127(11)
520 _aDiscusses the fourth ICE Arbitration Procedure 2006. Explains the reasons why a new procedure was needed and the background to it. Provides a detailed commentary on the new rules introduced since 1997. Concludes that the fourth procedure follows the same format as previous procedures, but introduces compulsory procedures for disputes which can only be changed with the agreement of all parties and the arbitrator.
590 _aKA
650 2 4 _aICE ARBITRATION PROCEDURE 2006
651 4 _aUnited Kingdom
_y
690 _aMANAGEMENT-DISPUTE AVOIDANCE, MANAGEMENT AND RESOLUTION-DISPUTE MANAGEMENT AND RESOLUTION-ARBITRATION
942 _n0
999 _c79687
_d79687